000 00956nam a22003377a 4500
003 DO-SdBNP
005 20230323095724.0
008 060721b2013 sp a spa
017 _a
_b
020 _a9788415142317
035 _a
040 _aBPMSU
_bspa
_cBPMSU
_e
082 4 _a617.03
_bC639r 2013
_222
100 1 _aCliment, J. M.
245 1 0 _aRehabilitación intervencionista :
_bfundamentos y técnicas
_h
_cJ. M. Climent, P. Fenollosa, F. M. Martín del Rosario
260 _aBarcelona :
_bOcéano,
_c2013.
_e
_f
300 _a569 p. ;
_c30 cm.
_eCD-ROOM
500 _aIncluye CD-ROOM
650 _2
650 4 _aMedicina física
_2
650 4 _aSalud
_2
650 4 _aRehabilitación
650 4 _aFisioterapia
700 1 _aFenollosa, P.
700 1 _aMartín del Rosario, F. M.
710 2 _aOcénao/Ergon
910 _aVMateo V. Control de calidad (BPMSU)
942 _2ddc
_cBK
945 _a
980 _a
_a
_b
_j
_c
999 _c12796
_d12796